| 000 | 01011nam a2200301 i 4500 | ||
|---|---|---|---|
| 005 | 20260426124334.0 | ||
| 008 | 260426s2025 my dr 000 0 may d | ||
| 020 |
_a9786297687407 _cRM12.00 _qpaperback |
||
| 040 |
_aPPAK _beng _cPPAK _erda |
||
| 082 | 0 | 4 |
_a297.18 _223 |
| 090 | 0 | 0 |
_a297.18 _bRAS _dG |
| 100 | 0 |
_aRashiela Nurain, _eauthor. |
|
| 245 | 1 | 0 |
_aKHADIJAH : _bISTERI TERCINTA RASULULLAH S.A.W. / _cRASHIELA NURAIN, IMRAN ROSLI |
| 264 | 1 |
_aBandar Baru Nilai, Negeri Sembilan : _bBLINK BOOK SDN BHD, _c2025 |
|
| 300 |
_a120 pages ; _c19 cm |
||
| 336 |
_atext _2rdacontent |
||
| 337 |
_aunmediated _2rdamedia |
||
| 338 |
_avolume _2rdacarrier |
||
| 500 | _aContains quotes from the Hadith. | ||
| 600 | 0 | 4 |
_aKhadijah, _d-approximately 619 |
| 600 | 0 | 0 |
_aMuhammad, $c Prophet, _d-632 _xFamily |
| 650 | 1 | 0 | _aIslamic stories, Malay |
| 650 | 2 | 0 | _aWomen in Islam |
| 650 | 2 | 4 | _aMuslim women |
| 650 | 2 | 4 | _aWomen in the Qur'an |
| 700 | 0 |
_aImran Rosli, _eauthor. |
|
| 942 |
_2ddc _cB |
||
| 999 |
_c204013 _d204013 |
||